00727pam a2200229 a 4500001000800000005001700008008004100025010001700066020003200083040001800115041000800133080001400141082001800155100000700173101000800180245007100188504005100259906004500310942001200355999001700367952011300384236842820180215033850.0840518s1985 nyuaf b 001 0 eng  a 84012231  a0070546789 :c$26.95 (est.) aDLCcDLCdDLC aeng a519.5 SAN00a519.5 SAN2191 a55 aSTA10aStatistics :cDonald H. Sanders, Robert J. Eng, A. Franklin Murph. aIncludes bibliographical references and index. a7bcbccorignewd1eocipf19gy-gencatlg 2ddccBK c42576d42576 00102udc40708PËKGa002b002cPËKGd2018-02-15l0o519.5 SANp002-2998547r2018-02-15w2018-02-15yBK